Sous Préfectures française en jeux de mots - Statistiques

Statistiques générales
  • Ce quiz a été pris 112 fois
  • Le résultat moyen est 16 sur 61
Statistiques - réponses
Phrase Sous préfecture Région % Correct
C'est _ _ _ _ _ _ _ _ cahier, soit le mien Soissons Picardie
68%
Ce menu est assez filan_ _ _ _ _ Dreux Centre
62%
_ _ _plose de rire Gex Rhône-Alpes
52%
On vous souhaite _ _ _ _ bonheur du monde Toul Lorraine
49%
Les produits sont en tête de gon_ _ _ _ Dole Franche-Comté
48%
le pays le plus peuplé à la 1ere personne du pluriel Chinon Centre
45%
Lucie en est une dans les antilles Saintes Poitou
45%
Quand la musique est _ _ _ _ _ _ Beaune Bourgogne
44%
Cela n'a aucun _ _ _ _ ce que tu dis Sens Bourgogne
44%
Je suis la pour toi, _ _ _ moi tout Die Rhône-Alpes
43%
Prend un Doliprane, si t'a des _ _ _ _ _ de tête Meaux Île de France
43%
_ _ _ _ le caillou le plus loin possible Lens Nord Pas de Calais
39%
_ _ _ _ _ne moi ton numéro Redon Bretagne
38%
Combien de min_ _ _ _ _ _ nomme le président Istres PACA
36%
T'es officiellement à la moi_ _ _ _ _ _ du quiz Thiers Auvergne
36%
Un repas en _ _ _ _ _ tous ensemble Dinan Bretagne
32%
Pourquoi mets-tu autant de matières _ _ _ _ _ _ Grasse PACA
32%
_ _ _ _ _ _ _ peut être moyen ou extrême Lorient Bretagne
32%
Je te regarde dans _ _ _ _ _ _ _ des yeux Le Blanc Centre
31%
Tu me p_ _ _ _ _ mieux que ça Arles PACA
30%
Si tu trouve pas c'est que je t'es _ _ _ _ _ _ Bernay Haute-Normandie
30%
J'ai une _ _ _ _ _tie dans les cheveux Calvi Corse
30%
_ _ _ en axe Dax Aquitaine
30%
Si tu fais 100% tu es _ _ _ _ _ Douai Nord Pas de Calais
30%
_ _ _ _ _ _ _ _ _re particulier, cherche Parthenay Poitou
29%
t'as qu'_ _ _ _ tombé Ales Languedoc Roussillon
27%
C'est bon je suis _ _ _ _ _ _ Calais Nord Pas de Calais
27%
Les Kiribati, c'est _ _ _ _ _ _ _ de paix Le Havre Haute-Normandie
27%
S'il te mordent, _ _ _ _ _ _ _ Morlaix Bretagne
25%
Utilise le rot_ _ _ _ _ _ _ pour la viande Issoire Auvergne
24%
Assis-toi sur le _ _ _ _ _ Muret Midi-Pyrénées
24%
Se sont des demoiselles Rochefort Poitou
24%
Je me _ _ _ _ _ les mains Reims Champagne-Ardennes
23%
_ _ _ _ _ _éphone moi vers minuit Rethel Champagne-Ardennes
23%
Alors on _ _ _ _ _ en verlan Sedan Champagne-Ardennes
23%
Rajoute d_ _ _ _ _ dans les pâtes Ussel Limousin
23%
Est tu _ _ _ pour la compétition Apt PACA
21%
Pourquoi tu prend un air _ _ _ _ _ avec moi Autun Bourgogne
20%
_ _ _ _ _ _ _ dans votre lit, pas ici !!!! Béziers Languedoc Roussillon
19%
200 personnes ici, ça fait _ _ _ _ _ Céret Languedoc Roussillon
18%
_ _ _ _ _ _ _ d'eau douce Le Marin DOM TOM
18%
Tu refais une fois cela, je te _ _ _ _ Vire Basse Normandie
17%
J'ai du Get, du whisky dans _ _ _ _ _ _ _ _ Montbard Bourgogne
15%
Te _ _ _ _ _ _ _ fera te craquer le dos Cambrai Nord Pas de Calais
14%
Cyril Lignac a mis du _ _ _ _ _ _ Cognac Poitou
14%
Nous _ _ _ _ _ _ _ ensemble en même temps Avallon Bourgogne
13%
Les pongistes le disent tous pour s'encouragé Cholet Pays de la Loire
13%
_ _ _ _ _ _ _ _ je suis pas d'accord Clermont Picardie
12%
Nos anciens partenaires de_ _ _ _ _ _ quoi Vienne Rhône-Alpes
12%
Faut que je dé_ _ _ _ _ la route pour y aller Blaye Aquitaine
11%
Vous vous êtes fait _ _ _ _ _ _ _ dommage Castres Midi- Pyrénées
11%
Le _ _ _ _ _ _ _ _ _ est philippin Montluçon Auvergne
11%
Tan- _ _ _ _ _ est une ville du Sahara Occidental Thann Alsace
11%
je t'ac_ _ _ _ _ _ _ tu veux Clamecy Bourgogne
10%
_ _ _ _ _ _ osé faire ça, c'est grave!! Nantua Rhône-Alpes
10%
Attention je vais me re_ _ _ _ _ _ Belley Rhône-Alpes
8%
_ _ _ _ _ _ _ _ part a plus de 150km/h La Fléche Pays de la Loire
8%
On se rejoins _ _ _ _ _ _ _ heure Vervins Picardie
8%
Jacques a pu le faire Figeac Midi- Pyrénées
6%
Ils _ _ _ _ _ _ _ _ _ l'un sur l'autre Sarcelles Île de France
6%
Les _ _ _ _ _ _ _ servent d'empreinte Étampes Île de France
4%
Aucun quiz correspondant
Distribution des résultats
% des personnes avec chaque résultat
Percentile par nombre de réponses
Votre historique - résultats
Vous n’avez pas pris ce quiz